The outburst / (Record no. 140025)

MARC details
000 -LEADER
fixed length control field 00489nam a22001817a 4500
005 - DATE AND TIME OF LATEST TRANSACTION
control field 20170517125653.0
010 ## - LCCN (DPL NO)
LC control number ENG-118211
020 ## - INTERNATIONAL STANDARD BOOK NUMBER
International Standard Book Number 9789382711650
Terms of availability 245.00
035 ## - SYSTEM CONTROL NUMBER
System control number EN-101743
037 ## - SOURCE OF ACQUISITION
Source of stock number/acquisition DBAD/PUB
082 ## - DEWEY DECIMAL CLASSIFICATION NUMBER
Classification number N
100 ## - MAIN ENTRY--PERSONAL NAME
Personal name Jakhotiya, Girish
245 ## - TITLE STATEMENT
Title The outburst /
Statement of responsibility, etc by Girish Jakhotiya
260 ## - PUBLICATION, DISTRIBUTION, ETC. (IMPRINT)
Place of publication, distribution, etc New Delhi
Name of publisher, distributor, etc Vitasta Publishing
Date of publication, distribution, etc 2016
270 ## - ADDRESS
Address 2/15, Ansari Road, Daryaganj, New Delhi-110002
300 ## - PHYSICAL DESCRIPTION
Extent 266p
Dimensions 21cm.(pbk)
942 ## - ADDED ENTRY ELEMENTS (KOHA)
Source of classification or shelving scheme Dewey Decimal Classification
Item type English Books
Classification part N
Call number suffix JAK
Holdings
Withdrawn status Lost status Not for loan Collection code Home library Current library Date acquired Source of acquisition Cost, normal purchase price Full call number Barcode Copy number Cost, replacement price Koha item type
      Fiction Kasturba Gandhi Marg Kasturba Gandhi Marg 17/05/2017 DBAD/PUB 245.00 N JAK EN-101743 1 245.00 English Books

© Delhi Public Library
Hit Counter
free hit counter